000 00330nam a22001337a 4500
008 180220b xxu||||| |||| 00| 0 eng d
020 _a9780876288450
041 _aeng
080 _a53
100 _a43
101 _aFIZ
245 _aHANDS -OM PHYSICS ACTIVITIES WITH REAL - LIFE APPLICATIONS
_cJAMES.C
942 _2udc
_cBK
999 _c42969
_d42969